| 000 | 00737nam a2200229 i 4500 | ||
|---|---|---|---|
| 001 | 124484 | ||
| 003 | ES-MaACL | ||
| 005 | 20250813062617.0 | ||
| 007 | t| | ||
| 008 | 070328s1931 sp ||||1| spa d | ||
| 100 | 1 |
_aSievers, Wilhelm. _9106294 |
|
| 245 | 1 | 0 |
_aGeografía de Bolivia y Perú / _cWilhelm Sievers ; traducción del alemán por Carlos De Salas. |
| 260 |
_aBarcelona : _bLabor, _c[1931] |
||
| 300 |
_a221 p., XVI p. lám., map. : _bil. ; _c17 cm. |
||
| 490 | 1 |
_aColección Labor ; _v288 |
|
| 651 | 4 |
_aBolivia- _xDescripción. _97887 |
|
| 651 | 4 |
_aPerú- _xGeografía. _9137311 |
|
| 700 | 1 |
_aSalas, Carlos de. _9101725 |
|
| 830 | 0 | 0 |
_aColección Labor _v288 _9184254 |
| 852 |
_aES-MaACL _jE-2782 |
||
| 999 |
_c124484 _d124484 |
||